00643nam a2200205Ia 4500008004100000020002100041040001900062041001200081082002300093100002100116245004500137260004300182300002000225504008200245630002300327630002000350630003300370650002200403651001200425131103s9999 xx 000 0 und d a6499619cRs. 295 aLoreto College aEnglish aF/CHRbLCLIB/42508 aChristie, Agatha aMiss Marple Omnibus V.3cAgatha Christie aLondonbHarper CollinsPublishersc1997 a694p, 19.5 c.m. aV.3: Nemesis; Sleeping Murder; At Bertram's Hotel; The Murder at the Vicarage aAt Bertram's Hotel aSleeping Murder aThe Murder at the Vicarage  aFiction, Suspense aNemesis